Guía de la iglesia en Chile 1996-1998
Furkejuvvon:
| Váldodahkkit: | , |
|---|---|
| Materiálatiipa: | Girji |
| Giella: | espánnjágiella |
| Almmustuhtton: |
Santiago
Puelche de los Misioneros Claretianos
1996
|
| Fáttát: | |
| Fáddágilkorat: |
Lasit fáddágilkoriid
Eai fáddágilkorat, Lasit vuosttaš fáddágilkora!
|
MARC
| LEADER | 00000nam a2200000 a 4500 | ||
|---|---|---|---|
| 001 | UCI6826 | ||
| 003 | CL-VaPUC | ||
| 008 | 080530e19960000CL |||||||||||||||||spa|d | ||
| 082 | 0 | 4 | |a 262.006 |b BAR |2 21 |
| 100 | 0 | |a Barahona Zuleta, Alfredo |e author |9 529828 | |
| 700 | |a Cabré Rufatt, Agustín |e author |9 529829 | ||
| 245 | 1 | 0 | |a Guía de la iglesia en Chile 1996-1998 |
| 300 | |a 655 p | ||
| 942 | |c BK | ||
| 945 | |d 20080530 00:00:00 |a rbrito | ||
| 260 | |a Santiago |b Puelche de los Misioneros Claretianos |c 1996 | ||
| 500 | |a Donación Padres Capuchinos | ||
| 650 | 0 | |a Sacerdotes |9 315705 | |
| 650 | 0 | |a Iglesia Católica |9 256114 | |
| 651 | 7 | |a CHILE |2 CL-VaPUC |9 529830 | |
| 583 | |a last modification |c 20080530 00:00:00 |k Rodrigo Vera | ||
| 999 | |c 330274 |d 330272 | ||
| 952 | |0 0 |1 0 |4 0 |6 262_006000000000000_BAR_1996 |7 0 |8 X |9 415762 |a FDOBUD |b FDOBUD |d 2019-11-22 |i 4444183 |o 262.006 BAR 1996 |p 4444183 |r 2019-11-22 |w 2019-11-22 |y BK_X |k BUD | ||